| 000 | 00000nam##2200000za#4500 |
| 001 | 9.663849 |
| 003 | CaOODSP |
| 005 | 20210615121242 |
| 007 | ta |
| 008 | 150407|2002||||xxc||||| f|0| 0 eng|d |
| 020 | |a0-662-66678-X |
| 040 | |aCaOODSP|beng |
| 041 | |aeng |
| 041 | |afre |
| 043 | |an-cn--- |
| 086 | 1 |aCH44-33/2003-1 |
| 110 | 1 |aCanada.|bCanadian Heritage. |bCultural Development and Heritage Branch. |
| 245 | 10|aYour guide to the Support to Sector Associations Program, 2002-2003 / |cIssued by the Canada Music Fund. |
| 260 | |aOttawa - Ontario : |bCanadian Heritage. |c2002. |
| 300 | |aEnglish text, 12p. ; |c28 cm. |
| 520 | 3 |aThis is a brief guide for sound recording sector associations to applying for support in providing professional representation, analysis of public policy, and monitoring of industry issues and trends. It has information on eligibility, filing requirements, application format, levels of assistance, evaluation criteria, requirements for associations receiving assistance, departmental obligations, and further sources of information. |
| 563 | |aRing binding |
| 590 | |a02-37|b2002-09-13 |
| 690 | 07|aAid programs|2gcpds |
| 690 | 07|aCharitable organizations|2gcpds |
| 690 | 07|aMusic|2gcpds |
| 776 | 0#|tFonds de la musique du Canada : |w(CaOODSP)9.640496 |
| 776 | 0#|tCanada Music Fund : |w(CaOODSP)9.696380 |
| 792 | |tVotre guide du Programme d'aide aux associations sectorielles 2002-2003 / |efre|w(CaOODSP)9.663850 |